Испытания коррозионностойких материалов в средах фурфуролсодержащих паров и конденсатов; Сборник трудов Всесоюзного научно-исследовательского института гидролизной и сульфитно-спиртовой промышленности (ВНИИГС); Том 14

Bibliographische Detailangaben
Parent link:Сборник трудов Всесоюзного научно-исследовательского института гидролизной и сульфитно-спиртовой промышленности (ВНИИГС)/ Всесоюзный научно-исследовательский институт гидролизной и сульфитно-спиртовой промышленности (ВНИИГС).— , 1965-1967
Том 14.— 1965.— С. 142-146
Weitere Verfasser: Адамович Е. А., Ефимов В. А., Исаева М. М., Ганцевич А. И., Бабикова С. М.
Sprache:Russisch
Veröffentlicht: 1965
Schriftenreihe:Фурфурольное производство
Format: MixedMaterials Buchkapitel
KOHA link:https://koha.lib.tpu.ru/cgi-bin/koha/opac-detail.pl?biblionumber=195517

MARC

LEADER 00000naa2a2200000 4500
001 195517
005 20231031182848.0
035 |a (RuTPU)RU\TPU\book\213313 
035 |a RU\TPU\book\213311 
090 |a 195517 
100 |a 20110511d1965 k y0rusy50 ca 
101 0 |a rus 
102 |a RU 
200 1 |a Испытания коррозионностойких материалов в средах фурфуролсодержащих паров и конденсатов  |f Е. А. Адамович [и др.] 
225 1 |a Фурфурольное производство 
320 |a Библиогр.: с. 146 (4 назв.) 
461 0 |0 (RuTPU)RU\TPU\book\213269  |t Сборник трудов Всесоюзного научно-исследовательского института гидролизной и сульфитно-спиртовой промышленности (ВНИИГС)  |f Всесоюзный научно-исследовательский институт гидролизной и сульфитно-спиртовой промышленности (ВНИИГС)  |d 1965-1967 
463 0 |0 (RuTPU)RU\TPU\book\213270  |t Том 14  |f под ред. Ю. А. Цирлина  |v С. 142-146  |d 1965  |p 284 с. 
701 1 |a Адамович  |b Е. А. 
701 1 |a Ефимов  |b В. А. 
701 1 |a Исаева  |b М. М. 
701 1 |a Ганцевич  |b А. И. 
701 1 |a Бабикова  |b С. М. 
801 1 |a RU  |b 63413507  |c 20110511 
801 2 |a RU  |b 63413507  |c 20111007  |g RCR 
942 |c BK